01458camaa22003491i 4500001000700000003000900007005001700016008004100033020001500074020001800089035002100107040004600128082002400174100003300198245009500231264003600326300009000362336002600452337002800478338002700506500002000533500006300553504003400616538008400650541007600734650005700810650005200867650003700919700003100956700003200987856008901019202167EG-GICUC20260513151620.0990311s1999 caua jr 001 0 eng d a0782127002 a9780782127003 a(DLC) 99061816 aOCoLC-PcOCoLC-PdDLCdEG-GICUCbengerda00a005.13/3221bR54421 aRoberts, Simon.eمؤلف.10aComplete Java 2 certification study guide /cSimon Roberts, Philip Heller, Michael Ernest. aSan Francisco :bSybex,cc1999. axxvi, 885 p. :billustration . ;c24 cm. +e1 computer laser optical disc (4 3/4 in.) atextbtxt2rdacontent aunmediatedbn2rdamedia avolumebnc2rdacarrier aIncludes index. aCD-ROM includes a test engine and Java 2 SDK, version 1.2. aBibliography: pages 548-885.  aSystem requirements: Windows 95, Windows 98, Windows NT Workstation 4, or Unix. aوزارة الثقافة ؛bالقاهرة ؛cإهداء ؛d2023. 0aElectronic data processing personnelxCertification. 0aMicrosoft softwarexExaminationsvStudy guides. 0aJava (Computer program language)1 aHeller, Philip.eReviewer.1 aErnest, Michael.eReviewer.423Publisher descriptionuhttp://www.loc.gov/catdir/enhancements/fy0602/99061816-d.html